Online
Catalog

Gabriel García Moreno o el orden de la piedad intolerante / (Record no. 6728)

MARC details
000 -CABECERA
campo de control de longitud fija 01029cam a2200277 a 4500
001 - NÚMERO DE CONTROL
campo de control 000006944
005 - FECHA Y HORA DE LA ÚLTIMA TRANSACCIÓN
campo de control 20200929154028.0
008 - DATOS DE LONGITUD FIJA--INFORMACIÓN GENERAL
campo de control de longitud fija 990616s1998 ve b 000 0dspa
020 ## - NÚMERO INTERNACIONAL ESTÁNDAR DEL LIBRO
Número Internacional Estándar del Libro 9806197534
035 ## - NÚMERO DE CONTROL DEL SISTEMA
Número de control de sistema (DLC) 99216965
035 ## - NÚMERO DE CONTROL DEL SISTEMA
Número de control de sistema (BoCbEI)ei 981000516
040 ## - FUENTE DE LA CATALOGACIÓN
Centro catalogador/agencia de origen DO-SdBNP
Centro/agencia transcriptor DLC
Centro/agencia modificador DLC
-- BNPHU
082 ## - NÚMERO DE LA CLASIFICACIÓN DECIMAL DEWEY
Número de clasificación 923.2866
Número de documento/Ítem G216C
049 ## - FONDOS LOCALES (OCLC)
Fondos de biblioteca BNGR
100 1# - ENTRADA PRINCIPAL--NOMBRE DE PERSONA
Nombre de persona Castillo, Ocarina,
Fechas asociadas al nombre 1951-
9 (RLIN) 19273
245 10 - MENCIÓN DE TÍTULO
Título Gabriel García Moreno o el orden de la piedad intolerante /
Mención de responsabilidad, etc. Ocarina Castillo.
246 14 - FORMA VARIANTE DE TÍTULO
Título propio/Titulo breve Gabriel Garcia Moreno o la piedad intolerante
260 ## - PUBLICACIÓN, DISTRIBUCIÓN, ETC.
Lugar de publicación, distribución, etc. Caracas :
Nombre del editor, distribuidor, etc. Fundación Centro de Estudios Latinoamericanos Rómulo Gallegos :
-- FACES/UCV :
-- Facultad de Ciencias Económicas y Sociales,
Fecha de publicación, distribución, etc. c1998.
300 ## - DESCRIPCIÓN FÍSICA
Extensión 153 p. ;
Dimensiones 22 cm.
490 1# - MENCIÓN DE SERIE
Mención de serie La alborada
504 ## - NOTA DE BIBLIOGRAFÍA, ETC.
Nota de bibliografía, etc. Bibliografía: (p 133-136).
600 10 - PUNTO DE ACCESO ADICIONAL DE MATERIA--NOMBRE DE PERSONA
Nombre de persona GARCÍA MORENO, GABRIEL,
Fechas asociadas al nombre 1821-1875.
9 (RLIN) 19274
651 #4 - PUNTO DE ACCESO ADICIONAL DE MATERIA--NOMBRE GEOGRÁFICO
Nombre geográfico Ecuador
Subdivisión general Historia
Subdivisión cronológica 1830-1895
Subdivisión general Historiografía
9 (RLIN) 19275
830 #0 - PUNTO DE ACCESO ADICIONAL DE SERIE-TÍTULO UNIFORME
Título uniforme La alborada.
9 (RLIN) 15958
910 ## - DATOS DE OPCIÓN DEL USUARIO (OCLC)
Datos de opción del usuario Catalogación por copia / LC
Holdings
Estado de retiro Estado de pérdida Restricciones de uso No para préstamo Código de colección Localización permanente Ubicación/localización actual Ubicación en estantería Fecha de adquisición Número de inventario Total de préstamos Signatura topográfica completa Código de barras Fecha visto por última vez Precio válido a partir de Tipo de ítem Koha
    Préstamo interno   Monografías: Libros y Folletos General General En catalogación 03.09.2009 LF1   923.2866 G216C 6944-10 25.06.2020 25.06.2020 Préstamo interno

Powered by Koha